000 00401nam a22001217a 4500
008 230619b xxu||||| |||| 00| 0 eng d
020 _a9966-9653-1-9
082 _a361.7068
_bCHI 2008
245 _aFundraising Handbook :
_bYour complete guide to successful fundraising practice /
_cJohn Chikati
260 _aNairobi, Kenya
_bREPARED Publishing Department
_c2008
300 _axxiii,391p
942 _2ddc
_cBK
999 _c1277
_d1277